000 00291cam a22001217a 4500
008 180718b2002 xxu||||| |||| 00| 0 eng d
082 _aA7 In8/02
245 _aWorld Bank Atlas, 2002
260 _aWashington, D.C.
_bWorld Bank
_c2002
300 _a64p.
650 _aIBRD
650 _aAtlases
999 _c287713
_d287713